Psicoanálisis de la sociedad contemporánea (Registro nro. 5787)
[ vista simple ]
| 000 -LEADER | |
|---|---|
| fixed length control field | 01010 a2200205 4500 |
| 001 - CONTROL NUMBER | |
| control field | 54765 |
| 005 - DATE AND TIME OF LATEST TRANSACTION | |
| control field | 20260407155823.0 |
| 008 - FIXED-LENGTH DATA ELEMENTS--GENERAL INFORMATION | |
| fixed length control field | 260407a1987 arg spa d |
| 003 - CONTROL NUMBER IDENTIFIER | |
| control field | AR-UNSa-BCEJYS |
| 040 ## - CATALOGING SOURCE | |
| Original cataloging agency | AR-UNSa-BCEJYS |
| Language of cataloging | spa |
| Transcribing agency | AR-UNSa-BCEJYS |
| 080 ## - UNIVERSAL DECIMAL CLASSIFICATION NUMBER | |
| Universal Decimal Classification number | 308 |
| Common auxiliary subdivision | Sociografía. Estudios descriptivos de la sociedad (cualitativos y cuantitativos) |
| 020 ## - INTERNATIONAL STANDARD BOOK NUMBER | |
| International Standard Book Number | 968-16-0852-6 |
| 100 1# - MAIN ENTRY--PERSONAL NAME | |
| Personal name | Fromm, Erich |
| 245 10 - TITLE STATEMENT | |
| Title | Psicoanálisis de la sociedad contemporánea |
| Name of part/section of a work | hacia una sociedad sana |
| 264 #1 - PRODUCTION, PUBLICATION, DISTRIBUTION, MANUFACTURE, AND COPYRIGHT NOTICE | |
| Place of production, publication, distribution, manufacture | México : |
| Name of producer, publisher, distributor, manufacturer | Fondo de Cultura Económica |
| Date of production, publication, distribution, manufacture, or copyright notice | 1987 |
| 300 ## - PHYSICAL DESCRIPTION | |
| Extent | 308 p. |
| Dimensions | 21 cm. |
| 505 ## - FORMATTED CONTENTS NOTE | |
| Formatted contents note | I. ¿Estamos sanos? - II. ¿Puede estar enferma una sociedad?-Patología de la normalidad - III. La situación humana-La clave del psicoanálisis humanístico - IV. Salud mental y sociedad - V. El hombre en la sociedad capitalista - VI. Otros varios diagnósticos - VII. Soluciones diversas - VIII. Caminos hacia la salud mental - IX. Sumario-Conclusión |
| 590 ## - LOCAL NOTE (RLIN) | |
| Local note | niveau_biblio:m niveau_hierar:0 |
| 942 ## - ADDED ENTRY ELEMENTS (KOHA) | |
| Koha item type | |
| Withdrawn status | Lost status | Damaged status | Not for loan | Home library | Current library | Shelving location | Date acquired | Total checkouts | Full call number | Barcode | Date last seen | Price effective from | Koha item type |
|---|---|---|---|---|---|---|---|---|---|---|---|---|---|
| Biblioteca Prof. Eusebio Cleto del Rey | Biblioteca Prof. Eusebio Cleto del Rey | 07/04/2026 | 308 F932 | L45750 | 07/04/2026 | 07/04/2026 | Libro |